[Event "Balkan-ch U14 Girls"]
[Site "Tornelo INT"]
[Date "2020.10.31"]
[Round "2"]
[White "Mandic, Anastasija"]
[Black "Zrmanovska, Mihaela"]
[Result "0-1"]
[WhiteElo "1558"]
[BlackElo "1191"]
[PlyCount "74"]
[EventDate "2020.10.31"]
[EventType "swiss"]
[EventRounds "7"]
[EventCountry "NET"]
[SourceTitle "EXT 2023"]
[Source "ChessBase"]
[SourceDate "2022.10.05"]
[SourceVersion "1"]
[SourceVersionDate "2022.10.05"]
[SourceQuality "1"]

1. e4 c5 2. Nf3 a6 3. d4 cxd4 4. Nxd4 Nf6 5. Nc3 e5 6. Nf5 d5 7. Ng3 d4 8. Nce2 Nbd7 9. c3 Qa5 10. Bd2 Nc5 11. Qc2 d3 12. Qb1 dxe2 13. Bxe2 Qa4 14. b3 Qc6 15. Bf3 Bd6 16. 0-0 0-0 17. Rd1 Bg4 18. Bxg4 Nxg4 19. b4 Na4 20. Qb3 Rac8 21. Rac1 Nb6 22. h3 Nf6 23. Be3 Nc4 24. Nf5 Rfd8 25. Nxd6 Rxd6 26. Bc5 Rxd1+ 27. Rxd1 Qxe4 28. f3 Qf4 29. Re1 b6 30. Be7 Nd5 31. Bd6 Nde3 32. Be7 Qg3 33. Re2 Re8 34. Bd6 Rd8 35. Be7 Rd1+ 36. Qxd1 Nxd1 37. Re4 Nce3 0-1

[Event "EU-ch Amateur 1700 (Women)"]
[Site "Niksic"]
[Date "2018.06.21"]
[Round "9"]
[White "Grishina, Zhanna"]
[Black "Mandic, Anastasija"]
[Result "1-0"]
[WhiteElo "1585"]
[BlackElo "1072"]
[PlyCount "53"]
[EventDate "2018.06.14"]
[EventType "swiss"]
[EventRounds "9"]
[EventCountry "MNE"]
[SourceTitle "EXT 2019"]
[Source "ChessBase"]
[SourceDate "2018.10.10"]
[SourceVersion "1"]
[SourceVersionDate "2018.10.10"]
[SourceQuality "1"]

1. d4 d5 2. c4 e6 3. Nf3 Nf6 4. Nc3 Nc6 5. Bf4 Bd6 6. Bxd6 cxd6 7. cxd5 exd5 8. e3 h6 9. Be2 0-0 10. 0-0 Ne4 11. Nxd5 Re8 12. Rc1 Bg4 13. b4 Be6 14. Bc4 Bxd5 15. Bxd5 Nxb4 16. Bxb7 Rb8 17. Bxe4 Rxe4 18. Qa4 a5 19. Rc3 Re8 20. Ra3 Ra8 21. Nd2 Qc7 22. h3 Reb8 23. Rb1 d5 24. Rab3 Nc6 25. Rxb8+ Rxb8 26. Rxb8+ Nxb8 27. Qe8+ 1-0

[Event "EU-ch Amateur 1700 (Women)"]
[Site "Niksic"]
[Date "2018.06.19"]
[Round "7"]
[White "Mandic, Anastasija"]
[Black "Meremyanina, Kseniya"]
[Result "1-0"]
[WhiteElo "1072"]
[BlackElo "1581"]
[PlyCount "63"]
[EventDate "2018.06.14"]
[EventType "swiss"]
[EventRounds "9"]
[EventCountry "MNE"]
[SourceTitle "EXT 2019"]
[Source "ChessBase"]
[SourceDate "2018.10.10"]
[SourceVersion "1"]
[SourceVersionDate "2018.10.10"]
[SourceQuality "1"]

1. e4 e6 2. d4 d5 3. e5 c5 4. Nf3 Qb6 5. c4 dxc4 6. Bxc4 cxd4 7. Qxd4 Bc5 8. Qd2 Bd7 9. 0-0 Bc6 10. Qe2 Nd7 11. Re1 Ne7 12. Nc3 Bxf3 13. Qxf3 Nc6 14. Bb5 Ndxe5 15. Rxe5 Rc8 16. Bxc6+ Qxc6 17. Qxc6+ Rxc6 18. Be3 Be7 19. Rd1 a6 20. h3 Bb4 21. Rc1 Bxc3 22. Rxc3 Rxc3 23. bxc3 Kd7 24. Rg5 g6 25. Rg4 Rc8 26. Rd4+ Ke7 27. Rb4 Rc7 28. Bf4 Rd7 29. g4 Kd8 30. Rc4 Ke7 31. Rc8 Rd8 32. Bg5+ 1-0